000 00217nam a22000857a 4500
008 170526b xxu||||| |||| 00| 0 eng d
100 _93120
_aWalter.C.S.
245 _aRose-Ashes and other Poems
260 _aWatsonville
_c2002
999 _c6408
_d6408